000 00433nam a22001697a 4500
003 OSt
005 20260210043654.0
008 260210b |||||||| |||| 00| 0 eng d
020 _a0060736275
040 _aDWCL-Main Lib
_cOC
082 _aFic. C672 1998
100 _aCoelho, Paolo
245 _aThe fifth mountain
260 _aNew York :
_bHarper Torch,
_cc1998.
300 _a245 pages. ;
_c17 cm.
942 _2ddc
_cFIC.
_mFic.
_n0
999 _c8330
_d8330